000 00457nam a2200181Ia 4500
001 18008
005 20260306171559.0
008 260306s9999||||xx |||||||||||||| ||und||
041 _aESP
082 _a658.3124
_bA176
100 _aUniversidad San Ignacio de Loyola
_eAUT
245 0 _aManual de emprendedores:
_bemprendedores formando emprendedores
260 _c2007
300 _a
_c
650 _aGEN
654 _aCAN
942 _cLIB
_dJUS
_fJUS
_2ddc
_n
999 _c18008
_d18008